Yüklüyor......
Psychobiology
| Yazar: | |
|---|---|
| Diğer Yazarlar: | , |
| Materyal Türü: | Printed Book |
| Dil: | Undetermined English |
| Baskı/Yayın Bilgisi: |
Sanfrancisco
W . H Freeman and Company
1966
|
| Konular: |
| LEADER | 00670nam a2200205Ia 4500 | ||
|---|---|---|---|
| 008 | 140306s9999 xx 000 0 und d | ||
| 041 | |a eng | ||
| 082 | |a 150 |b MCG/PS | ||
| 100 | |a Mc Gaugh, James L | ||
| 700 | |a Weinberger, Norman M | ||
| 700 | |a Whalen, Richard E | ||
| 245 | |a Psychobiology | ||
| 260 | |a Sanfrancisco |b W . H Freeman and Company |c 1966 | ||
| 300 | |a 382 | ||
| 365 | |b Rs .191 .00 | ||
| 650 | |a evoluation sensory stimulation | ||
| 650 | |a Instinctive behaviour | ||
| 942 | |2 ddc |c BK | ||
| 999 | |c 115674 |d 115674 | ||
| 952 | |0 0 |1 0 |2 ddc |4 0 |6 150_000000000000000_MCGPS |7 0 |9 114176 |a KAUHCV |b KAUHCV |d 2002-04-24 |g 191.00 |o 150 MCG/PS |p KAU_HCV-13084 |r 2014-03-22 |w 2014-03-22 |y BK | ||